000 01066nam a22003137a 4500
001 01478
003 DO-SdBNP
005 20230512081730.0
007 01478
008 160902b 2007 mx | 00| 0 spa d
020 _a 9789708120210
040 _aBPMSU
_bspa
_cBPMSU
082 4 _a332.02401
_bK628r 2007
_222
100 1 _aKiyosaki, Robert T.
245 1 0 _aRetírate jóven y rico :
_b ¡Cómo volverse rico pronto y para siempre! /
_cRobert T. Kiyosaki, Sharon L. Lechter ; traducción María Andrea Giovine.
246 1 3 _aRetírate jóven y rico
260 _aMéxico :
_bSantillana Ediciones Gerales,
_c2010
300 _a576 p. :
_bil. ;
_c23 cm.
490 0 _aPadre rico ;
_aPunto de lectura ;
_anegocios,
_v198
534 _aTítulo original :
_tRetire young retire rich.
590 _aInventariado, 2023/VM
650 4 _aFinanzas personales
650 4 _aSeguridad Financiera
650 4 _a
700 1 _aLechter, Sharon L.
700 1 _aGiovine, María Andrea,
_etraductor
910 _aVMateo V. Control de calidad (BPMSU)
942 _2ddc
_cBK
999 _c11290
_d11290